000 00618nam a2200181Ia 4500
008 100920s9999 xx 000 0 und d
082 _b24135
_a891.464 थ 71
100 _aआचार्य श्री रजनीश / अनु. वंदना.
245 _aप्रेम-पुष्प.
260 _bजीवन जागृती केंद्र, पुणे.
_c1971
300 _a186
_bसाधी
365 _b3.5
520 _aनिबंध.
630 _aप्रेम-पुष्प.
650 _aनिबंध.
730 _aप्रेम-पुष्प.
942 _cBOOK
999 _c682696
_d682693